Data analysis using Stata /

Bibliographic Details
Main Author: Kohler, Ulrich, Dr. phil
Other Authors: Kreuter, Frauke
Format: Book
Language:English
Published: College Station, Tex. : Stata Press, [2012]
Edition:3rd ed.
Subjects:
Online Access:Contributor biographical information

MARC

Tag First Indicator Second Indicator Subfields
LEADER 00000cam a2200000 a 4500
001 in00002782596
005 20151202171805.0
008 120224s2012 txua b 001 0 eng
010 |a  2012934051 
020 |a 9781597181105 
020 |a 1597181102 
035 |a (OCoLC)ocn806017135 
040 |a DLC  |c DLC  |d UtOrBLW 
049 |a TXAM 
050 0 0 |a QA276.4  |b .K63 2012 
082 0 0 |a 519.50285  |2 23 
100 1 |a Kohler, Ulrich,  |c Dr. phil. 
245 1 0 |a Data analysis using Stata /  |c Ulrich Kohler, Frauke Kreuter. 
250 |a 3rd ed. 
264 1 |a College Station, Tex. :  |b Stata Press,  |c [2012] 
264 4 |c ©2012 
300 |a xxvi, 497 pages :  |b illustrations ;  |c 24 cm. 
336 |a text  |b txt  |2 rdacontent 
337 |a unmediated  |b n  |2 rdamedia 
338 |a volume  |b nc  |2 rdacarrier 
504 |a Includes bibliographical references (pages [477]-482) and indexes. 
630 0 0 |a Stata. 
650 0 |a Statistics  |x Data processing. 
650 0 |a Mathematical statistics  |x Data processing. 
700 1 |a Kreuter, Frauke. 
856 4 2 |3 Contributor biographical information  |u http://catdir.loc.gov/catdir/enhancements/fy1302/2012934051-b.html  |t 0 
945 |a PromptCat  |b 125042 
946 |a stk 
947 |a A14835938219 
948 |a cataloged  |b h  |c 2012/12/21  |d c  |e dmitchel  |f 2:10:20 pm 
994 |a 92  |b TXA 
999 |a MARS 
999 f f |s 0db13b8e-1dfc-394d-8299-88f3dd3bdbda  |i 41099bb2-dfb5-3844-a5c0-ebdce6b30050  |t 0 
952 f f |p normal  |a Texas A&M University  |b College Station  |c Sterling C. Evans Library  |d Evans: Library Stacks  |t 0  |e QA276.4 .K63 2012  |h Library of Congress classification  |i unmediated -- volume  |m A14842753254 
998 f f |a QA276.4 .K63 2012  |t 0  |l Evans: Library Stacks